Animals#1 - Statistics

General Stats
  • This quiz has been taken 85 times
  • The average score is 8 of 15
Answer Stats
Picture Answer % Correct
Alligator
89%
Grizzly
76%
Lynx
73%
Horse
70%
Wolf
59%
Donkey
57%
Bat
52%
Hyena
48%
Iguana
46%
Wombat
46%
Boa
43%
Porcupine
37%
Wallaby
37%
Komodo dragon
34%
Dingo
28%
No matching quizzes found
Score Distribution
Percent of People with Each Score
Percentile by Number Answered
Your Score History
You have not taken this quiz